Responses for Show #5594 - Thursday, December 25, 2008

Jim Stevens game 4.

Contestants

[<< previous game]

Deb DeGeorge, a librarian from Ann Arbor, Michigan

Lee Brooks, a landscaper from North Hampton, New Hampshire

Jim Stevens, a math teacher from Fairview Park, Ohio (whose 3-day cash winnings total $73,001)

[next game >>]

Jeopardy! Round responses

HISTORIC QUOTATIONS
WILL FERRELL ROLES
(Alex: We want you to identify the film for us.)
THE ESCAPED DENTAL PATIENT
HOME FOR THE HOLIDAYS
GET YOUR FACTS STRAIGHT
10-LETTER WORDS
    $200 12
communism

Jim
    $200 26
Bewitched

Jim
    $200 1
molars

Deb
    $200 11
water

Lee
    $200 15
Orlando Bloom

Jim
    $200 2
an astrologer

Deb
    $800 20
(Deb: What is Battle of Germany?)

the Battle of Britain

Deb
    $400 27
Elf

Deb
    $400 4
spit

Jim
    $400 13
icicles

Jim
    $400 16
The West Wing

Jim
    $400 3
Fahrenheit

Jim
    $600 21
they are ours

Jim
    $600 28
Blades of Glory

Jim
    $600 5
a root canal

Jim
    $600 14
a goat

Deb
    $600 17
an infarction

Jim
    $600 8
trilingual

Jim
    $800 22
his head

Jim
    $800 29
Curious George

Jim
    $800 6
a periodontist

Deb
    $800 24
nutmeg

Jim
    $800 18
the Bay of Bengal

Triple Stumper
    $800 9
underneath

Jim
    $1000 23
Canada

Jim
    $1000 30
Stranger Than Fiction

Deb
    $1000 7
caries

Deb
    $1000 25
votive

Jim
    $1000 19
gesso

Deb
    $1000 10
(Deb: What is a hexagon?)

a hexahedron

Deb
Triple Stumper

Scores at the first commercial break (after clue 15):

Jim Lee Deb
$3,600 $200 $1,800

Scores at the end of the Jeopardy! Round:

Jim Lee Deb
$10,400 $200 $3,400

Double Jeopardy! Round responses

FRENCH LITERATURE
GIVE ME SOME SPACE!
I LEARNED IT ONLINE
"C" CREATURES
OPERAS BY CONTINENT
(Alex: Name the continent where each opera is primarily set.)
BEFORE & AFTER
    $400 16
Victor Hugo

Jim
    $400 26
Star Wars

Deb
    $400 21
cheese

Lee
    $400 1
a caribou

Deb
    $400 3
Europe

Jim
    $400 9
Peppermint Patty Hearst

Jim
    $800 17
Captain Nemo

Lee
    $800 27
Space Mountain

Lee
    $800 22
CPR

Jim
    $800 2
a chameleon

Jim
    $800 4
South America

Jim
    $800 10
the North Pole Position

Lee
    $1200 18
Remembrance of Things Past

Deb
    $1200 28
Cape Canaveral (Cape Kennedy)

Deb
    $1200 23
Mikhail Gorbachev

Jim
    $1200 6
a coelacanth

Jim
    $1200 5
North America

Lee
    $1200 11
Gross National Product placement

Deb
    $1600 19
D'Artagnan

Deb
    $1600 29
Pigs

Lee
    $1600 24
East Timor

Lee
    $1600 14
(Jim: What's a beaver?)

a capybara

JimDeb
    $1600 7
Africa

Jim
    $1600 12
blue plate tectonics

Jim
    $2000 20
Francois Rabelais

Triple Stumper
    $2000 30
Barbarella

Jim
    $2000 25
Perez Hilton

Deb
    $1,000 15
(Deb: What is an ostrich? I'm sorry. In the wrong category.)
(Alex: No. You're in the wrong--)
(Deb: Blast.)
(Alex: Yeah, it has to start with a "C."
It's a [*]. [*].)

a cassowary

Deb
    $4,800 8
(Alex: It happened in Beijing. You're right, [*] is correct.)

Asia

Jim
    $2000 13
Veruca Salt Lake City

Deb

Scores at the end of the Double Jeopardy! Round:

Jim Lee Deb
$24,800 $7,400 $14,000

[wagering suggestions for these scores]

Final Jeopardy! Round responses

THE GRAMMYS
(Alex: The TV show had a marvelous theme. It starred Craig Stevens and the beautiful Lola Albright, and we--whoops. I just upset Lee.)
LeeWhat is Bonanza?
$7,000
DebWhat is The Pink Panther?
$4,000
JimWhat is Bonanza?
$3,201
Peter Gunn

Final scores:

Jim Lee Deb
$21,599 $400 $10,000
4-day champion: $94,600 3rd place: $1,000 2nd place: $2,000

Game dynamics:

Coryat scores:

Jim Lee Deb
$22,000 $7,400 $15,800
30 R
(including 1 DD),
1 W
8 R,
0 W
17 R,
3 W
(including 2 DDs)

Combined Coryat: $45,200

[game clues] [game scores] [suggest correction]

Game tape date: 2008-10-21
The J! Archive is created by fans, for fans. Scraping, republication, monetization, and malicious use prohibited; this site may use cookies and collect identifying information. See terms. The Jeopardy! game show and all elements thereof, including but not limited to copyright and trademark thereto, are the property of Jeopardy Productions, Inc. and are protected under law. This website is not affiliated with, sponsored by, or operated by Jeopardy Productions, Inc. Join the discussion at JBoard.tv.